egov : (Record no. 49669)
[ view plain ]
| 000 -LEADER | |
|---|---|
| fixed length control field | 00645nam a22002057a 4500 |
| 005 - DATE AND TIME OF LATEST TRANSACTION | |
| control field | 20110101110939.0 |
| 006 - FIXED-LENGTH DATA ELEMENTS--ADDITIONAL MATERIAL CHARACTERISTICS--GENERAL INFORMATION | |
| fixed length control field | a|||||r|||||00| 0 |
| 007 - PHYSICAL DESCRIPTION FIXED FIELD--GENERAL INFORMATION | |
| fixed length control field | ta |
| 008 - FIXED-LENGTH DATA ELEMENTS--GENERAL INFORMATION | |
| fixed length control field | 110101c xxu||||| |||| 00| 0 eng d |
| 022 ## - INTERNATIONAL STANDARD SERIAL NUMBER | |
| International Standard Serial Number | 0973-161X |
| 245 ## - TITLE STATEMENT | |
| Title | egov : |
| Remainder of title | Asia's first monthly magazine on e-government / |
| Statement of responsibility, etc | edited by Ravi Gupta |
| 260 ## - PUBLICATION, DISTRIBUTION, ETC. (IMPRINT) | |
| Place of publication, distribution, etc | Noida: |
| Name of publisher, distributor, etc | Ravi Gupta |
| Date of publication, distribution, etc | 2010- |
| 300 ## - PHYSICAL DESCRIPTION | |
| Extent | v. |
| Other physical details | 26 cm |
| 310 ## - CURRENT PUBLICATION FREQUENCY | |
| Current publication frequency | monthly |
| 650 ## - SUBJECT ADDED ENTRY--TOPICAL TERM | |
| Topical term or geographic name as entry element | e-government |
| 9 (RLIN) | 25155 |
| 700 ## - ADDED ENTRY--PERSONAL NAME | |
| Personal name | Gupta, Ravi (ed.) |
| 9 (RLIN) | 25156 |
| 270 ## - ADDRESS | |
| Address | HT Media, B2, Sector-39 |
| City | Noida |
| Postal code | 201301 |
| Electronic mail address | info@egovonline.net |
| 942 ## - ADDED ENTRY ELEMENTS (KOHA) | |
| Source of classification or shelving scheme | Dewey Decimal Classification |
| Item type | Periodicals |
| Serial record | 1 |
| Withdrawn status | Lost status | Source of classification or shelving scheme | Damaged status | Not for loan | Home library | Current library | Date acquired | Total Checkouts | Date last seen | Price effective from | Koha item type |
|---|---|---|---|---|---|---|---|---|---|---|---|
| Dewey Decimal Classification | Not For Loan | D.B.Act.Division | D.B.Act.Division | 01/01/2011 | 01/01/2011 | 01/01/2011 | Periodicals |
